Statistiken für Toptorjäger Premier League 19/20

Klicken Sie hier um das Quiz zu spielen!

Allgemein

  • Dieses Quiz wurde 188 mal gespielt
  • Das Durchschnittsergebnis liegt bei 14 aus 20

Antwortstatistiken

ToreVereinSpieler% Korrekt
19FC LiverpoolMohamed Salah
99%
23Leicester CityJamie Vardy
97%
22FC ArsenalPierre-Emerick Aubameyang
97%
18Fc LiverpoolSadio Mane
96%
18Tottenham HotspurHarry Kane
95%
17Manchester UnitedMarcus Rashford
89%
20Manchester CityRaheem Sterling
88%
11Tottenham HotspurHeung-Min Son
85%
16Manchester CitySergio Aguero
84%
13Manchester CityKevin De Bruyne
80%
22FC SouthamptonDanny Ings
64%
11Manchester CityRiyad Mahrez
64%
11Norwich CityTeemu Pukki
64%
17Manchester UnitedAnthony Martial
61%
14Manchester CityGabriel Jesus
59%
13FC EvertonRicharlison
57%
17Wolverhampton WanderersRaul Jimenez
53%
15FC ChelseaTammy Abraham
44%
13FC EvertonDominic Calvert-Lewin
38%
14FC BurnleyChris Wood
34%

Verteilung der Resultate

Perzentil nach korrekt beantworteten Fragen

Anzahl Personen mit jedem Resultat

Ihre Resultats-Entwicklung

Sie haben dieses Quiz noch nicht gespielt